000 01092cab a2200217 4500
001 ABS57495
008 090401t1997 xxu||||| |||| 00| 0 eng d
035 _a(Sirsi) u80319
041 _aeng
245 _aWallace v C Brian Barratt & Son Ltd and another
260 _c1997
350 _a0
490 _aEstates Gazette
_v(9731) 2 August 1997, 97-101(5)
520 _aCA 19 March 1997. Agricultural tenancy with covenant that the tenant was not to assign, underlet, part with or share possession or occupation of the holding. On 9 October 1993 the landlord served notice to quit alleging that the tenant had breached the agreement by farming through a partnership. Following arbitration, the judge found that the relationship between the tenant and farming partnership did not involve sharing the holding. Landlord`s appeal dismissed.
650 _aPROPERTY-LANDLORD AND TENANT-TENANCIES-AGRICULTURAL TENANCIES
650 _aFARMING PARTNERSHIP
650 _aNOTICE TO QUIT
690 _aLANDLORD AND TENANT-CASE LAW-AGRICULTURAL TENANCIES
942 _n0
948 _c19/08/1997
999 _c50580
_d50580